Fifa 21 Community TOTS - Statistics

General Stats
  • This quiz has been taken 106 times
  • The average score is 10 of 15
Answer Stats
Rating Club Nation Player % Correct
92 Bayern Munich Austria David Alaba
98%
92 Real Madrid Uruguay Federico Valverde
91%
90 Bayer Leverkusen Jamaica Leon Bailey
80%
90 Ajax Argentina Nicolas Tagliafico
74%
89 RB Leipzig France Christopher Nkunku
70%
91 Atalanta Slovenia Josip Ilicic
70%
90 Tottenham Hotspur France Tanguy Ndombele
70%
89 Napoli Poland Piotr Zielinski
69%
92 Manchester United England Aaron Wan-Bissaka
64%
92 Leicester City England Harvey Barnes
61%
87 PSG Italy Moise Kean
60%
90 RB Leipzig France Nordi Mukiele
60%
89 Fulham France Alphonse Areola
49%
88 Celtic France Odsonne Edouard
49%
87 Rangers England Connor Goldson
43%
No matching quizzes found
Score Distribution
Percent of People with Each Score
Percentile by Number Answered
Your Score History
You have not taken this quiz